| 000 | 00684nam a2200301Ia 4500 | ||
|---|---|---|---|
| 005 | 20260401122232.0 | ||
| 008 | 008 250103s9999 xx 000 0 eng d | ||
| 020 | _a8178240068 | ||
| 037 | _aTB | ||
| 040 | _aEDL | ||
| 040 | _beng | ||
| 040 | _cEDL | ||
| 041 | _2eng | ||
| 041 | _aeng | ||
| 084 | _a954 ROB | ||
| 084 | _qEDL | ||
| 100 |
_aRobinson, Francis _91109736 |
||
| 245 | 0 | _aUlama of Farangi Mahall and Islamic Culture in South Asia | |
| 245 | 0 | _cRobinson, Francis | |
| 260 | _aNew Delhi | ||
| 260 | _bPermanent Black | ||
| 260 | _c2001 | ||
| 300 | _a267p | ||
| 942 | _cTB | ||
| 942 | _h954 ROB | ||
| 999 |
_c1845856 _d1845856 |
||